000 01877cam a2200409 i 4500
001 118135
005 20230410115848.0
008 121008s2012 sp 000 0 spa
035 _a17556057
925 0 _aacquire
_b1 shelf copy
_xpolicy default
942 _2lcc
_cbk
010 _a 2012531869
020 _a9788483197363
035 _a(SP-BaPL)pu120539831
040 _aDLC
_beng
_cDLC
_erda
042 _apcc
043 _ae-sp---
045 _ax4x-
050 1 4 _aHN 583.5
_bE77 2012
082 0 0 _a303.484
245 0 1 _a!Espabilemos! :
_bargumentos desde el 15-M /
_cCarlos Taibo (coord.) ; Jeromo Aguado... [et al.].
260 _aMadrid :
_bCatarata,
_c[2012]
300 _a127 p. ;
_c21 cm.
490 0 _aLos Libros de la catarata ;
_v413
520 _a! Espabilemos ! es un libro que, nacido de la base del 15 - m, se direge a esa misma base y a todas las personas interesadas en una crítica de ma miseria imperante, sus textos nos hablan de los jóvenes, las mujeres, los jubilados, la inmigración, el estado del bienestar, la sanidad, la educación, la vivienda, el sindicalismo, la autogestión, el decrecimiento, la energía, el gasto militar, los pueblos del sur, la banca ética, las cooperativas integrales, el paro, la vida rural, los medios de comunicación, el municipalismo, las asambleas, la opinión pública, la represión, la cuestión nacional y la protesta global.
610 2 0 _a15-M (Organization)
650 0 _aProtest movements
_zSpain
_xHistory
_y21st century.
650 0 _aSocial movements
_zSpain
_xHistory
_y21st century.
651 0 _aSpain
_xSocial conditions
_y21st century.
610 2 4 _aM-15 (Movimiento social)
_zEspaña.
650 4 _aMovimientos sociales
_zEspaña.
650 4 _a20150700
700 1 _aTaibo, Carlos,
_d1956-
700 1 _aAguado, Jeromo.
923 _d20121122
_n183512
_sSP-BaPL
946 _aIMRO
999 _c49407
_d49407